Conocimiento y sociedad: ensayos sobre acción, religión y comunicación
Gespeichert in:
| 1. Verfasser: | |
|---|---|
| Format: | Buch |
| Sprache: | Spanisch |
| Veröffentlicht: |
Madrid, España:
Trotta,
2008
|
| Ausgabe: | 1a. ed |
| Schriftenreihe: | Colección Estructuras y Procesos. Serie Ciencias Sociales
|
| Schlagworte: | |
| Tags: |
Tag hinzufügen
Keine Tags, Fügen Sie den ersten Tag hinzu!
|
MARC
| LEADER | 00000cam a2200000 a 4500 | ||
|---|---|---|---|
| 001 | UCE9102 | ||
| 003 | CL-VaPUC | ||
| 005 | 20211216090910.0 | ||
| 008 | 150928e20080000sp |||||||||||||||||spa|d | ||
| 999 | |c 360809 |d 360807 | ||
| 020 | |a 9788481649512 | ||
| 040 | |c Pontificia Universidad Católica de Valparaíso | ||
| 082 | 0 | 4 | |a 302 LUC 2008 |2 21 |
| 100 | |a Luckmann, Thomas |e autor |9 327947 | ||
| 245 | 1 | 0 | |a Conocimiento y sociedad: |b ensayos sobre acción, religión y comunicación |
| 250 | |a 1a. ed | ||
| 260 | |a Madrid, España: |b Trotta, |c 2008 | ||
| 300 | |a 237 páginas | ||
| 440 | |a Colección Estructuras y Procesos. |p Serie Ciencias Sociales |9 857280 | ||
| 583 | |a last modification |c 20151001 12:12:03 |k Rodrigo Vera |k Cristina Rojas | ||
| 650 | 0 | |a Sociedad del conocimiento |9 464837 | |
| 650 | 0 | |a Ciencias sociales |9 256351 | |
| 650 | 0 | |a Conocimiento humano |2 CL-VaPUC |9 402354 | |
| 852 | |a BIBEDU | ||
| 942 | |c BK |2 ddc | ||
| 945 | |d 20150928 14:02:00 |a gsalatino | ||
| 952 | |0 0 |1 0 |3 erb |4 0 |6 302_000000000000000_LUC_2008 |7 0 |8 A |9 470778 |a BIBEDU |b BIBEDU |i 5198682 |o 302 LUC 2008 |p 5198682 |r 2019-11-23 |w 2019-11-23 |y BK |z Catalogado en:20150928 |k FIL | ||
| 952 | |0 0 |1 0 |2 ddc |4 0 |6 302_000000000000000_LUC_2008 |7 0 |8 A |9 576874 |a BIBTEO |b BIBTEO |d 2020-11-12 |e 3 |g 23076.00 |i 5577209 |o 302 LUC 2008 |p 5577209 |r 2025-01-17 |t 2 |v 23076.00 |w 2020-11-12 |y BK |k ICR | ||